1377 1224 1021 1569 1572 1261 1794 1965 1567 1576 1813 1812 1144 1502 1810 1168 1348 1000 1747 1281 1460 1924 1389 1610 1193 1459 1289 1618 1883 1030 1815 1880 1591 1533 1451 1657 1357 1163 1469 1703 1959 1667 1432 1682 1405 1007 1912 1383 1769 1841 1731 1129 1077 1835 1065 1208 1700 1272 1160 1446 1666 1785 1341 1079 1083 1329 1417 1903 1751 1040 1275 1841 1124 1106 1066 1849 1006 1309 1800 1457 1308 1698 1244 1219 1338 1812 1509 1588 1766 1917 1247 1564 1398 1600 1262 1081 1843 1296 1380 BCNSPRNW ULIB Ver.6.0+V

เปลี่ยนเป็นภาษาไทย

Change to English
 แสดงรายละเอียดบรรณานุกรม
  กลับหน้าหลัก

Brief Record : Get Marc (ISO 2709) : E-mail record : QR code < ปิดหน้าต่าง
LEADER : 00000nam 2200000uu 4500
001    13399111216
003     ULIB
008    110620s||||||||th 000 0 tha d
020    9742729875
050 04 BF637.58^bพ45พ 2548
100 0  พระเทพโสภณ (ประยูร ธมฺมจิตโต),^d2498-
245 10 พลังกรรมและการเกิดใหม่ /^cพระเทพโสภณ (ประยูร ธมฺมจิตโต)
250    พิมพ์ครั้งที่ 1
260    กรุงเทพฯ :^bอมรินทร์,^c2548
300    133 หน้า ;^c17 ซม
650  7 กรรม
650  7 การเกิดใหม่
650  7 ธรรมะ
650  7 พุทธศาสนากับสังคม
945    ^p100^l0^i017841
995    ทศพร
999 ^a ใช้งานได้ทุกระบบ
รายการนี้ยังไม่มีแท็ก
คุณยังไม่ได้ล็อกอิน คุณสามารถมีกิจกรรมร่วมกับเว็บไซต์ได้ แต่ต้องล็อกอินก่อน ::
  ล็อกอิน

รายการสื่อสารสนเทศ

ลำดับที่ ประเภท เลขเรียก/บาร์โค้ด สถานที่ สถานะ
- ไม่พบข้อมูล -

รายการใกล้เคียง
    หัวเรื่อง [กรรม]
    หัวเรื่อง [ธรรมะ]
    หัวเรื่อง [พุทธศาสนากับสังคม]

BibComment


ยังไม่เคยถูกคอมเมนท์

คอมเมนท์ทรัพยากรรายการนี้
  คอมเมนท์: พลังกรรมและการเกิ..


 Copyright 2026. Bcnsprnw @Library